Normal view
MARC view
Entry Topical Term
001 - CONTROL NUMBER
- control field: 21510
003 - CONTROL NUMBER IDENTIFIER
- control field: OSt
005 - DATE AND TIME OF LATEST TRANSACTION
- control field: 20210204163706.0
008 - FIXED-LENGTH DATA ELEMENTS
- fixed length control field: 210204|| aca||aabn | a|a d
040 ## - CATALOGING SOURCE
- Original cataloging agency: OSt
- Transcribing agency: OSt
150 ## - HEADING--TOPICAL TERM
- Topical term or geographic name entry element: Elections, State-owned enterprises, Financial performance, Employment, Political embeddedness, Emerging markets, Regulated industries
670 ## - SOURCE DATA FOUND
- Source citation: Work cat.: (OSt): Inoue, Carios. 21509, Election cycles and organizations: How politics shapes the performance of state-owned enterprises over time
